| 000 | 00934nam a2200253Ia 4500 | ||
|---|---|---|---|
| 003 | OSt | ||
| 005 | 20220923223406.0 | ||
| 006 | a|||||r|||| 00| 0 | ||
| 007 | ta | ||
| 008 | 220922b |||||||| |||| 00| 0 hin d | ||
| 024 | _a214,655 | ||
| 037 | _cTextual | ||
| 040 |
_aARTS _cARTS _bhin |
||
| 041 |
_2hin _ahin |
||
| 082 | _aO152,3N091x, M9 | ||
| 100 |
_aसत्यार्थी, देवेन्द्र; प्रकाश, मनु, संपा. _9163905 |
||
| 245 | 0 | _aचुनी हुई रचनाएॅं | |
| 246 | _aChunī huī rachanāeॅan | ||
| 260 |
_aदिल्ली _b लोक प्रका0 _c1989 |
||
| 300 |
_a272 पृ. _ccm. |
||
| 650 |
_aहिन्दी साहित्य _9156264 |
||
| 942 |
_hO152,3N091x, M9 _cTEXL _2CC |
||
| 999 |
_c364586 _d364586 |
||